000 01261nam a2200325 a 4500
001 000030711
003 DO-SdBNP
005 20250918104915.0
008 110526s1980 dr r 001 0 spa d
020 _a8489525064
040 _aDO-SdBNP
_bspa
_cBNPHU
082 _a304.632072
_bO77u
100 1 _aOrtega, Manuel M.
_d1932-
_957293
245 1 0 _aUtilización de investigaciones en República Dominicana :
_bel caso de la encuesta nacional de fecundidad de 1975 /
_cManuel M. Ortega ;asistencia Andrea Soriano.
260 _aSanto Domingo :
_bINTEC,
_c1980.
300 _a147 p. ;
_c23 cm.
490 1 _aInvestigaciones
_v1
500 _aIncluye datos biográficos del autor en las solapas
500 _aInvestigación realizada con el patrocinio de la Rockefeller Foundation de Nueva York
504 _aBibliografía : P. 137-147.
590 _aInventariado, 2018/VM
650 4 _aInvestigación demográfica
_957294
650 4 _aDemografía
_xInvestigaciones
_957295
650 0 _aFertilidad humana
_xInvestigaciones
_913543
700 1 _aSoriano, Andrea,
_ecol.
_957297
710 2 _aInstituto Tecnológico de Santo Domingo
_978911
830 0 _aInvestigaciones
_n1
_936811
910 _aValidado. Control de la calidad. EMS
942 _2ddc
_cLBS1
999 _c30203
_d30203